| 000 | 01162nam a22003377a 4500 | ||
|---|---|---|---|
| 001 | 0048797 | ||
| 003 | KOHA_MİRAKIL | ||
| 005 | 20260207003628.0 | ||
| 007 | ta | ||
| 008 | 150623b2000 tu |||gr||||#||||0|tur | | ||
| 040 |
_aTR-BiSEU _btur _cTR-BiSEU _erda |
||
| 041 | 0 | _atur | |
| 044 | _ctu | ||
| 050 |
_aTS156.6 _b.H35 2000 |
||
| 100 | 1 | _aHalis, Muhsin. | |
| 245 | 1 |
_aParadigmadan uygulamaya toplam kalite yönetimi ve IS0-9000 kalite güvence sistemleri ve ISO-9002 kalite belgesi çalışmaları/ _cMuhsin Halis ; Muhsin Halis. |
|
| 264 | 1 |
_aİstanbul : _bBeta ; _c2000 |
|
| 300 | _axvi, 461 sayfa: tablo; 24 cm. | ||
| 336 |
_ametin _btxt _2rdacontent |
||
| 337 |
_aaracısız _bn _2rdamedia |
||
| 338 |
_acilt _bnc _2rdacarrier |
||
| 490 | 1 |
_aBeta Basım Yayım Dağıtım yayınları ; _v1010. |
|
| 490 | 1 |
_a İşletme-Ekonomi dizisi ; _v110. |
|
| 500 | _aKaynakça var. | ||
| 500 | _aNot var. | ||
| 650 | 0 |
_aTotal quality management. _93103 |
|
| 650 | 0 |
_aISO 9000 Series Standards. _99553 |
|
| 830 | 1 |
_aBeta Basım Yayım Dağıtım yayınları ; _v1010. _989474 |
|
| 830 | 1 |
_a İşletme-Ekonomi dizisi ; _v110. _930898 |
|
| 942 |
_2lcc _cBK |
||
| 999 |
_c48636 _d48636 |
||